MArch UD : (Record no. 354137)

000 -LEADER
fixed length control field 00668nam a22001937a 4500
003 - CONTROL NUMBER IDENTIFIER
control field OSt
005 - DATE AND TIME OF LATEST TRANSACTION
control field 20180116192432.0
008 - FIXED-LENGTH DATA ELEMENTS--GENERAL INFORMATION
fixed length control field 160406t xxu||||| |||| 00| 0 eng d
020 ## - INTERNATIONAL STANDARD BOOK NUMBER
International Standard Book Number 9780992948511
040 ## - CATALOGING SOURCE
Transcribing agency 0
082 ## - DEWEY DECIMAL CLASSIFICATION NUMBER
Classification number 711.4
245 00 - TITLE STATEMENT
Title MArch UD :
Remainder of title Urban Design, 2012-2013, the Bartlett School of Architecture, UCL
260 ## - PUBLICATION, DISTRIBUTION, ETC.
Place of publication, distribution, etc. London:
Name of publisher, distributor, etc. Bertlett prospective;
Date of publication, distribution, etc. 2014.
650 ## - SUBJECT ADDED ENTRY--TOPICAL TERM
Topical term or geographic name entry element City planning.
9 (RLIN) 8346
650 ## - SUBJECT ADDED ENTRY--TOPICAL TERM
Topical term or geographic name entry element Bartlett School of Architecture and Planning (London, England)
Topical term following geographic name entry element Graduate work.
9 (RLIN) 8347
650 ## - SUBJECT ADDED ENTRY--TOPICAL TERM
Topical term or geographic name entry element Mediterranean Region.
9 (RLIN) 8348
650 ## - SUBJECT ADDED ENTRY--TOPICAL TERM
Topical term or geographic name entry element Bartlett School of Architecture and Planning (London, England) .
9 (RLIN) 8349
942 ## - ADDED ENTRY ELEMENTS (KOHA)
Source of classification or shelving scheme
Koha item type Book
Holdings
Withdrawn status Lost status Source of classification or shelving scheme Damaged status Not for loan Permanent Location Current Location Date acquired Total Checkouts Full call number Barcode Date last seen Cost, replacement price Price effective from Koha item type
          School of Art Design and Architecture (SADA) School of Art Design and Architecture (SADA) 04/04/2016   711.4 MAR 2014. SADA0002552 01/05/2017 2999.52 01/05/2017 Book
© 2023 Central Library, National University of Sciences and Technology. All Rights Reserved.